Jean Burgos, éd., L’Imaginaire des Apocalypses, (Bibliothèque Circé 4), Paris/Caen, Lettres modernes Minard, 2003. 28 cm. 260 p. ISBN 2-256-91059-8. € 99 (notice n° 2222472)

détails MARC
000 -LEADER
fixed length control field 01596cam a2200169 4500500
005 - DATE AND TIME OF LATEST TRANSACTION
control field 20260426010518.0
041 ## - LANGUAGE CODE
Language code of text/sound track or separate title fre
042 ## - AUTHENTICATION CODE
Authentication code dc
100 10 - MAIN ENTRY--PERSONAL NAME
Personal name Cottin, Jérôme
Relator term author
245 00 - TITLE STATEMENT
Title Jean Burgos, éd., L’Imaginaire des Apocalypses, (Bibliothèque Circé 4), Paris/Caen, Lettres modernes Minard, 2003. 28 cm. 260 p. ISBN 2-256-91059-8. € 99
260 ## - PUBLICATION, DISTRIBUTION, ETC.
Date of publication, distribution, etc. 2005.<br/>
500 ## - GENERAL NOTE
General note 56
520 ## - SUMMARY, ETC.
Summary, etc. La séquence d’Ac 10 –11, et, plus largement, Ac 8-15, raconte la progressive ouverture du christianisme aux non-juifs ; cette ouverture pose le problème du maintien ou de l’abandon de certaines pratiques juives, dont les règles de pureté, notamment celles de pureté alimentaire. S’appuyant sur de nombreux indices en Ac 10 –11, Emmanuelle Steffek* souligne que c’est bien la question de la commensalité qui est au centre du débat dont l’écho résonne en Ac 15.
520 ## - SUMMARY, ETC.
Summary, etc. The passage of Acts 10-11 enlarged to Acts 8-15 reports the gradual opening of Christianity to non-Jews which entails the question of whether some Jewish practices must be maintained or abandoned. Among those are the laws concerning purity, especially in relation with food. Emmanuelle Steffek underlines that the central point in the debate that can be read in Acts 15 is indeed commensality. Her research is based on a number of clues in Acts 10-11.
786 0# - DATA SOURCE ENTRY
Note Études théologiques et religieuses | 80 | 1 | 2005-03-01 | p. 125zc-149zc | 0014-2239
856 41 - ELECTRONIC LOCATION AND ACCESS
Uniform Resource Identifier <a href="https://shs.cairn.info/revue-etudes-theologiques-et-religieuses-2005-1-page-125zc?lang=fr&redirect-ssocas=7080">https://shs.cairn.info/revue-etudes-theologiques-et-religieuses-2005-1-page-125zc?lang=fr&redirect-ssocas=7080</a>

Pas d'exemplaire disponible.

PLUDOC

PLUDOC est la plateforme unique et centralisée de gestion des bibliothèques physiques et numériques de Guinée administré par le CEDUST. Elle est la plus grande base de données de ressources documentaires pour les Étudiants, Enseignants chercheurs et Chercheurs de Guinée.

Adresse

627 919 101/664 919 101

25 boulevard du commerce
Kaloum, Conakry, Guinée

Réseaux sociaux

Powered by Netsen Group @ 2025